MercyMe Songs-Sudden Death - Statistics

General Stats
  • This quiz has been taken 21 times
  • The average score is 4 of 16
Answers on the Grid
Answers color-coded by a green-red scale on the quiz's grid according to % correct below.
All of Creation
Beautiful
Burn Baby Burn
Confidence
Dear Younger Me
Even Then
Eye of the Storm
Finish What He Started
Flawless
Greater
He Reigns
I Can Only Imagine
I Worship You
Oh, Death
On Our Way
Overflowing
TESTIFY
The One
The Prodigal
This is Amazing Grace
This Life
Wishful Thinking
Word of God Speak
You Found Me
 
Answer Stats
Answer % Correct
I Can Only Imagine
80%
Dear Younger Me
60%
Flawless
60%
Greater
40%
Oh, Death
40%
Word of God Speak
40%
All of Creation
20%
Beautiful
20%
Burn Baby Burn
20%
I Worship You
20%
On Our Way
20%
This Life
20%
Finish What He Started
0%
Overflowing
0%
Wishful Thinking
0%
You Found Me
0%
No matching quizzes found
Score Distribution
Percent of People with Each Score
Percentile by Number Answered
Your Score History
You have not taken this quiz